000 01616nam a2200253Ia 4500
999 _c43100
_d43100
001 9821
003 GE_BSU
005 20240806171214.0
008 181216s1951||||ge |||||||||||||| ||geo||
040 _cGE_BSU
041 _ageo
080 _a821.353.1–1+821.353.1-11 ო–52
100 _aორბელიანი, გრიგოლ
_923067
245 _aპოეტური ნაწერების სრული კრებული : პოეზია :
_bლირიკა, ეპოსი, თარგმანები, 1827-1883 /
_c გრიგოლ ორბელიანი ; აკაკი გაწერელიას შესავალი წერილით, რედაქციით და შენიშვნებით ; [მხატვ. შ. ბერიტაშვილი].
264 _aთბილისი
_b საბჭ. მწერალი-ს გამ-ბა და სტ.,
_c1951.
300 _a236 გვ.:
_b4ფურც.პორტრ. და ილ.;
_c21 სმ.
490 _aქართული კლასიკური მწერლობა
504 _aბიბლიოგრ.: გვ. 220-234.
653 _aპოეზია,ეპოსი,თარგმანები
653 _aპოეტური ნაწერების სრული კრებული
700 _aგაწერელია, აკაკი
_eრედ. და შეს. წერილის ავტ.
_94939
700 _aბერიტაშვილი, შ.
_eმხატვარი
_920905
942 _cBK
_2udc